000 00551nam a2200169 i 4500
001 87894
003 ES-MaACL
005 20230906175748.0
007 t|
008 041227s1964 sp ||||1| spa d
100 1 _aLacouche, Pierre.
_969395
245 1 4 _aLos secretos de la pesca de la trucha /
_cPierre Lacouche ; traducción y adaptación de Juan Francisco Llatjos.
260 _aBarcelona :
_bPulide,
_c[1964]
300 _a134 p., 2 lám. :
_bil. ;
_c19 cm.
700 1 _aLlatjos, Juan Francisco.
_972727
852 _aES-MaACL
_jC-26094
_bR.54603
999 _c87894
_d87894